Statistics for Will & Grace Trivia

Click here to take the quiz!

General Stats

  • This quiz has been taken 29 times
  • The average score is 10 of 21

Answer Stats

QuestionAnswer% Correct
What name does Karen use as an alias?Anastasia Beaverhausen
84%
Which celebrity does Jack stalk, get a job as a personal assistant for, and then get fired by?Kevin Bacon
84%
Who plays Grace's mother, Bobbi Adler?Debbie Reynolds
80%
Who stars as Grace's boyfriend Nathan?Woody Harrelson
76%
What profession does Will pretend to be in when asked at (answer aboves) wedding?Professional Tennis Player
72%
Who plays the mother of Jack's biological son?Rosie O'Donnell
72%
Will & Grace tried to make money off real estate. They were the Flippers who....Care
68%
What song does Jack teach Grace a dance to?Oops I did it again
64%
What sport does Elliot pretend to enjoy so Jack will spend more time with him?Cheerleading
56%
Which tennis player does Karen allegedly turn gay?Martina Navratilova
56%
What is the name of Grace's fiance we meet in Love and Marriage (The Pilot)?Danny
52%
Kevin Wolchek, Will's enemy, puts what nickname on Will's office door?Will Woman
44%
Who is Karen's best 'white' friend?Beverley Leslie
40%
Mira Sorvino plays the only woman Will has ever had sex with. Name herDiane
40%
Whose concert does Grace get kicked out of for singing too loudly?Joni Mitchell
40%
Karen starred in an X rated movie, what was it called?Next to Godliness
24%
Who does Jack dress up as for Halloween?David Soul
20%
What is Will's screenname in the Barry Manilow fanclub?No1Fanilow
12%
What is the only name Karen can remember (he is a nursing student with Jack)?Pilar Palabunda
12%
What is the name of Jack's dog?Claus Von Puppy
8%
What word does Grace make fun of Leo's dad for saying incorrectly at brunch?Yoghurt
8%

Score Distribution

Percentile by Number Answered

Percent of People with Each Score

Your Score History

You have not taken this quiz